Pokémon - Maître de la Ligue - Cynthia (S/L/US/UL) - Statistiques

Statistiques générales
  • Ce quiz a été pris 15 fois
  • Le résultat moyen est 43 sur 70
Statistiques - réponses
Hint Réponse % Correct
Carchacrok
100%
Méga-Carchacrok
100%
Type Dragon
89%
Type Sol
89%
Type Acier
78%
Capacités Ball'Ombre
78%
Capacités Cage-Éclair
78%
Capacités Colère
78%
Type Combat
78%
Capacités Dracochoc
78%
Capacités (Méga) Dracogriffe
78%
Type Eau
78%
Capacités (Set 2) Éclat Magique
78%
Type Fée
78%
Capacités Feu Follet
78%
Capacités (Set 2) Feu Follet
78%
Capacités Lame d'Air
78%
Capacités (Set 2) Lame d'Air
78%
Capacités (Méga) Lame de Roc
78%
Capacités (Set 2) Laser Glace
78%
Lucario
78%
Méga-Lucario
78%
Milobellus
78%
Talent Pression
78%
Objet Restes
78%
Objet (Set 2) Restes
78%
Capacités Séisme
78%
Capacités (Méga) Séisme
78%
Type Spectre
78%
Spiritomb
78%
Type Ténèbres
78%
Togekiss
78%
Capacités Voile Miroir
78%
Talent Voile Sable
78%
Type Vol
78%
Capacités Aurasphère
67%
Capacités (Set 2) Aurasphère
67%
Capacités Blizzard
67%
Objet (Méga) Carchacrokite
67%
Capacités (Méga) Close Combat
67%
Capacités Hydrocanon
67%
Objet (Méga) Lucarite
67%
Capacités Mâchouille
67%
Capacités Nœud Herbe
67%
Capacités (Set 2) Nœud Herbe
67%
Capacités Soin
67%
Capacités (Set 2) Surf
67%
Capacités Vitesse Extrême
67%
Capacités (Set 2) Coup Bas
56%
Capacités (Méga) Éboulement
56%
Capacités Éboulement
56%
Objet Mouchoir Choix
56%
Capacités (Méga) Pisto-Poing
56%
Capacités (Set 2) Repos
56%
Capacités (Méga) Tempête de Sable
56%
Capacités (Set 2) Balance
44%
Capacités Crocs Feu
44%
Capacités (Méga) Pied Brûleur
44%
Objet (Set 2) Ceinture Pro
33%
Talent (Méga) Force Sable
33%
Talent (Méga) Adaptabilité
22%
Objet Loupe
22%
Capacités Ombre Portée
22%
Capacités (Set 2) Blabla Dodo
11%
Capacités (Set 2) Clonage
11%
Objet Roche Royale
11%
Objet (Set 2) Baie Chérim
0%
Capacités Boost
0%
Capacités Vantardise
0%
Objet Vulné-Assurance
0%
Aucun quiz correspondant
Distribution des résultats
% des personnes avec chaque résultat
Percentile par nombre de réponses
Votre historique - résultats
Vous n’avez pas pris ce quiz